Memòria redactada pel Dr. D. Ricard Zariquiey... amb motiu del viatge realitzat junt amb l'arquitecte provincial Josep Bori i Gensana per a visitar els asils similars de Suïssa i Alemanya...
Publicado:
Barcelona :
Junta de Govern de les Cases Provincials de Caritat i de Maternitat i Expòsits ,
1917
Descripción Física:
112 p., [11] f. de làm., [25] plànols ; 22 cm
Otros Autores:
Bori i Gensana, Josep
Materias:
Hospitals maternals
MARC
| LEADER | 00000nam a2200000Ia 4500 | ||
|---|---|---|---|
| 001 | 1366 | ||
| 008 | 160829s1917 xx 000 0 cat d | ||
| 080 | |a S-1-60 | ||
| 100 | |a Zariquiey, Ricard |9 22858 | ||
| 245 | |a Memòria redactada pel Dr. D. Ricard Zariquiey... amb motiu del viatge realitzat junt amb l'arquitecte provincial Josep Bori i Gensana per a visitar els asils similars de Suïssa i Alemanya... | ||
| 260 | |a Barcelona : |b Junta de Govern de les Cases Provincials de Caritat i de Maternitat i Expòsits, |c 1917 | ||
| 300 | |a 112 p., [11] f. de làm., [25] plànols ; |c 22 cm | ||
| 590 | |a Hi ha un duplicat: DUP-153 | ||
| 650 | |a Hospitals maternals |9 22859 | ||
| 700 | |a Bori i Gensana, Josep |9 22860 | ||
| 710 | 2 | |a Casa de Maternitat i Expòsits de Barcelona |9 52670 | |
| 710 | 1 | |a Casa de Caritat (Barcelona, Catalunya). |b Junta de Govern |9 54321 | |
| 856 | 4 | |u https://media.diba.cat/diba/fitxers/arxiu/mancomunitat/bib_1366_1917_web.pdf |y Accés lliure | |
| 901 | |a Arxiu | ||
| 942 | |n 1 | ||
| 952 | |0 0 |1 0 |4 0 |6 S160 |7 1 |9 42360 |a Arxiu |b Arxiu |d 2016-12-01 |l 0 |o S-1-60 |p 1366 |r 2016-12-01 00:00:00 |w 2016-12-01 |y ARXIU | ||
| 999 | |c 44838 |d 44838 | ||